000 00975nam a2200253 a 4500
001 000020502
005 20250522111235.0
008 100322s2008 ag a 000 0 spa d
020 _a9789871305391
040 _aDO-SdBNP
_bspa
_cBNPHU
082 _axxxx
_bP619
100 1 _aPiñeros, Isabel
_943210
245 1 3 _aEl acceso a la información de las personas con discapacidad visual :
_bmodelo de servicio para bibliotecas públicas /
_cIsabel Piñeros ; presentación Emir Suaiden.
260 _aBuenos Aires, Argentina :
_bAlfagrama,
_c2008.
300 _a206 p. :
_bil. ;
_c24 cm.
490 0 _aBiblioteca Alfagrama
504 _aBibliografía p: 199-206
500 _aIncluye datos biografícos de la autora en la solapa de la cubierta
650 0 _aBibliotecología
_943211
650 4 _aBibliotecas públicas
_943212
650 4 _aBibliotecas para discapacitados visuales
_943213
700 1 _aSuaiden, Emir
_ePres.
_943214
830 0 _aBiblioteca Alfagrama
_943215
999 _c20006
_d20006